000 00689nam a2200217 4500
001 136532
003 ES-MaACL
005 20260306132315.0
007 t|
008 070214s1981 sp r ||||1| spa d
100 1 _aRussell, Bertrand,
_d1872-1970
_9101033
245 1 0 _aPor qué no soy cristiano /
_cBertrand Russell ; [traducido por Josefina Martínez Alinari].
250 _a6ª ed.
260 _aBarcelona :
_bEdhasa-sudamericana,
_c1981.
300 _a261 p. ;
_c18 cm.
490 1 _aPocket Edhasa
700 0 _aMartínez Alinari, Josefina
_977838
830 0 _aPocket Edhasa
_9180347
852 _aES-MaACL
_jL-10357
_bR.107632
999 _c136532
_d136532